000 00440nam a2200181Ia 4500
005 20230801111915.0
008 131103s9999 xx 000 0 und d
040 _aLoreto College
041 _aEnglish
082 _aF
_bFRA
100 _aFrancis,Dick
245 _aBlood Sport
_cDick Francis
260 _aLondon
_bThe Companion Book Club
_c1967
300 _a256 p.
650 _aFiction in English
850 _aLCLIB
942 _cBK
999 _c14318
_d64797